000 00304nam a22001337a 4500
008 170502b xxu||||| |||| 00| 0 eng d
020 _a9781422463284
041 _aeng
080 _26 ED
_a343.9
100 _a13
101 _aSHJ
245 _aCRIMINAL INVETIGATION
_cOSTERBURG.J.W
942 _2udc
_cBK
999 _c12390
_d12390